Land Degradation in Tanzania: (Record no. 6908)

000 -LEADER
fixed length control field 00515nam a22001577a 4500
008 - FIXED-LENGTH DATA ELEMENTS--GENERAL INFORMATION
fixed length control field 200406b ||||| |||| 00| 0 eng d
020 ## - INTERNATIONAL STANDARD BOOK NUMBER
International Standard Book Number 0-8213-3993-1
082 ## - DEWEY DECIMAL CLASSIFICATION NUMBER
Classification number 333.761 370 967 8 DEJ
100 ## - MAIN ENTRY--PERSONAL NAME
Personal name Dejene, Alemneh.-
245 ## - TITLE STATEMENT
Title Land Degradation in Tanzania:
Remainder of title Perception from the Village/
Statement of responsibility, etc. Alemneh Dejene.-
Medium English.
260 ## - PUBLICATION, DISTRIBUTION, ETC. (IMPRINT)
Place of publication, distribution, etc. Washington, D.C:
Name of publisher, distributor, etc. The World Bank,
Date of publication, distribution, etc. 1997.
300 ## - PHYSICAL DESCRIPTION
Extent x, 79p;
Other physical details 28cm.-
440 ## - SERIES STATEMENT/ADDED ENTRY--TITLE
Title World Bank Technical Paper No. 370.-
650 ## - SUBJECT ADDED ENTRY--TOPICAL TERM
Source of heading or term SOIL DEGRADATION
942 ## - ADDED ENTRY ELEMENTS (KOHA)
Source of classification or shelving scheme
Koha item type BOOKS

No items available.

IRDP © 2019 :: Managed by IRDP ICT Unit